000
00299nam a22001217a 4500
999
_c
5094
_d
5094
008
250528b ||||| |||| 00| 0 eng d
020
_a
9781534493766
082
_a
823.92 ROB
100
_a
Robinson, Christian
_e
AUTHOR
245
_a
You Matter
260
_b
SIMON & SCHUSTER, INC.
_c
2020
942
_2
ddc